Economía (Registro nro. 5626)
[ vista simple ]
| 000 -LEADER | |
|---|---|
| fixed length control field | 02006 a2200229 4500 |
| 001 - CONTROL NUMBER | |
| control field | 54546 |
| 005 - DATE AND TIME OF LATEST TRANSACTION | |
| control field | 20260407155819.0 |
| 008 - FIXED-LENGTH DATA ELEMENTS--GENERAL INFORMATION | |
| fixed length control field | 260407a1994 arg spa d |
| 003 - CONTROL NUMBER IDENTIFIER | |
| control field | AR-UNSa-BCEJYS |
| 040 ## - CATALOGING SOURCE | |
| Original cataloging agency | AR-UNSa-BCEJYS |
| Language of cataloging | spa |
| Transcribing agency | AR-UNSa-BCEJYS |
| 080 ## - UNIVERSAL DECIMAL CLASSIFICATION NUMBER | |
| Universal Decimal Classification number | 330 |
| Common auxiliary subdivision | Economía en general |
| 020 ## - INTERNATIONAL STANDARD BOOK NUMBER | |
| International Standard Book Number | 84-481-1973-8 |
| 041 ## - LANGUAGE CODE | |
| Language code of text/sound track or separate title | spa |
| 100 1# - MAIN ENTRY--PERSONAL NAME | |
| Personal name | Beker, Víctor Alberto |
| 245 10 - TITLE STATEMENT | |
| Title | Economía |
| Name of part/section of a work | Elementos de micro y macroeconomía |
| 264 #1 - PRODUCTION, PUBLICATION, DISTRIBUTION, MANUFACTURE, AND COPYRIGHT NOTICE | |
| Place of production, publication, distribution, manufacture | Madrid : |
| Name of producer, publisher, distributor, manufacturer | McGraw-Hill |
| Date of production, publication, distribution, manufacture, or copyright notice | 1994 |
| 300 ## - PHYSICAL DESCRIPTION | |
| Extent | xxvi, 379 p. |
| Dimensions | 23 cm. |
| 505 ## - FORMATTED CONTENTS NOTE | |
| Formatted contents note | Módulo 1: El concepto de economía y los sistemas económicos - 1. La economía y la necesidad de elegir - 2. Los agentes económicos - 3. El concepto de sistema económico - 4. El sistema de economía de mercado - 5. Los sistemas de economía centralizada - Módulo 2: Producción y mercado - 6. La empresa y la producción - 7. Los costos de la producción - 8. La retribución de los factores productivos - 9. El mercado,los precios y la elasticidad - 10. La competencia perfecta,el monopolio y oligopolio - Módulo 3: Productos e ingreso nacional,sus componentes y su financiación - 11. El enfoque macroeconómico: el ingreso nacional y otros agregados - 12. El empleo y la distribución del ingreso nacional - 13. La intervención del Estado en la Economía: la política fiscal - 14. La financiación de la Economía: el dinero y los bancos - 15. El control de la cantidad de dinero por parte del Banco Central - Módulo 4: El comercio internacional - 16. El comercio internacional y la balanza de pagos - 17. Los regímenes de comercio: el Mercosur - 18. Los mercados de cambio - Módulo 5: Los problemas del mundo actual - 19. El crecimiento económico y el medio ambiente - 20. Desarrollo y subdesarrollo - 21. La inflación: causas y efectos - 22. Las fluctuaciones económicas y el desempleo - 23. Notas sobre la evolución reciente de la economía argentina |
| 590 ## - LOCAL NOTE (RLIN) | |
| Local note | niveau_biblio:m niveau_hierar:0 |
| 700 1# - ADDED ENTRY--PERSONAL NAME | |
| Personal name | Mochón Morcillo, Francisco |
| 942 ## - ADDED ENTRY ELEMENTS (KOHA) | |
| Koha item type | |
| Withdrawn status | Lost status | Damaged status | Not for loan | Home library | Current library | Shelving location | Date acquired | Total checkouts | Full call number | Barcode | Date last seen | Price effective from | Koha item type |
|---|---|---|---|---|---|---|---|---|---|---|---|---|---|
| Biblioteca Prof. Eusebio Cleto del Rey | Biblioteca Prof. Eusebio Cleto del Rey | 07/04/2026 | 330 B424 | L85057 | 07/04/2026 | 07/04/2026 | Libro |